Дело по указу Правительствующего Сената по жалобе поверенного Киевского еврейского общества мещанина Богатырева на тамошний маги...

Доступно только в Электронных читальных залах Найти на картеНа карте
RUSMARC
00003686nmc2a2200000 x 450
001e6b37886-4598-4958-9415-8e22023ecc40
00520160315222633.0
100##$a20150921l18271829k l0rusy0189 ca
1010#$arus
102##$aRU
2001#$aДело по указу Правительствующего Сената по жалобе поверенного Киевского еврейского общества мещанина Богатырева на тамошний магистрат, в воспрещении еврейскому обществу иметь в Киеве на подоле дома. Тут же о воспрещении евреям постоянного пребывания в Киеве
$j2 апреля 1827 г. - 27 мая 1829 г.
251##$cДело
300##$aДело
801#0$aRU
$bРГИА
$c20150921
$gRCR
801#1$aRU
$bГлавНИВЦ
$c20150921
$2rusmarc
801#2$aRU
$bПБ им. Б.Н. Ельцина
$c20160315
$gRCR
$2rusmarc
850##$aРГИА
852##$aРГИА
$eФедеральное казенное учреждение "Российский государственный исторический архив" (РГИА)
$j340
937##$hРГИА
$d12156453
$aASBIBLIO_SCAN
462#0$10017fd3927d-4299-432a-b013-26f3e840c420
$12001
$a1826-1829 гг. Дела Департамента полиции исполнительной МВД за 1827 г.
$1251
$cОпись
$1852
$j4
461#0$10013e300ed0-cd39-49af-8489-5ba5b90fa401
$12001
$aДепартамент полиции исполнительной МВД
$1251
$cФонд
$1852
$j1286
215##$a117 л.
$d36,5х26 см
371##$aДокумент не является опубликованным и широко распространяемым
105##$ay###
1222#$ad
035##$ae6b37886-4598-4958-9415-8e22023ecc40
Формат отображения